000 00260nam a2200109Ia 4500
008 190216s9999||||xx |||||||||||||| ||und||
100 _aRupran Gupta
245 0 _aSuppliment To Indian Company Law
260 _bAgra Book Stall
650 _aCommerce
942 _cBK
999 _c3933
_d3933